000 00397nam a2200169Ia 4500
008 210210b1921 xxu||||| |||| 00| 0 eng d
041 _aeng
082 _a829/1194
100 _aWALLACE (Edgar)
245 _aJack O'judgment
260 _aLondon
_bWard Lock and Company Limited
_c1921
650 _aO
650 _ajudgment
650 _aJack
690 _aEnglish Fiction
906 _a017805
999 _c137789
_d137789